PLANT SCIENCE (Record no. 14432)

MARC details
000 -LEADER
fixed length control field 00436nam a2200157Ia 4500
022 ## - INTERNATIONAL STANDARD SERIAL NUMBER
ISSN 0168-9452
245 #0 - TITLE STATEMENT
Title PLANT SCIENCE
247 ## - FORMER TITLE
Title Plant Science Letters
260 ## - PUBLICATION, DISTRIBUTION, ETC. (IMPRINT)
Name of publisher Elsevier Science Ireland Ltd.
Place of publication UK
310 ## - CURRENT PUBLICATION FREQUENCY
Current publication frequency 18y
500 ## - GENERAL NOTE
General note Ending Volume & Year: 130, 1997
500 ## - GENERAL NOTE
General note Missing Volume: 36(1);41;128(1)
500 ## - GENERAL NOTE
General note Starting Volume & Year: 36, 1984
942 ## - ADDED ENTRY ELEMENTS (KOHA)
Koha item type Bound Journal
Holdings
Withdrawn status Lost status Damaged status Not for loan Home library Current library Date acquired Accession Number Koha item type
      Bound journals RRII Library RRII Library 31/12/2021 14262J Bound Journal